Online katalóg knižníc regiónu Turca

Záhrada - nápady a rady (Record no. 22961)

MARC details
000 -LEADER
fixed length control field 01188nam a2200373 a 4500
001 - CONTROL NUMBER
control field 22961
003 - CONTROL NUMBER IDENTIFIER
control field SK-KTurca
005 - DATE AND TIME OF LATEST TRANSACTION
control field 20260513081224.0
008 - FIXED-LENGTH DATA ELEMENTS--GENERAL INFORMATION
fixed length control field 240318s1998 xo a r slo
015 ## - NATIONAL BIBLIOGRAPHY NUMBER
National bibliography number SNBA1998/11-04138
020 ## - INTERNATIONAL STANDARD BOOK NUMBER
International Standard Book Number 8071185566
035 ## - SYSTEM CONTROL NUMBER
System control number SNK000277428
035 ## - SYSTEM CONTROL NUMBER
System control number urn:nbn:sk:snk-amkxyi
035 ## - SYSTEM CONTROL NUMBER
System control number urn:nbn:sk:snk-am008gn5
035 ## - SYSTEM CONTROL NUMBER
System control number AF3A8A6E-D663-4CDB-B9F9-54916041E496
040 ## - CATALOGING SOURCE
Original cataloging agency SNK
Language of cataloging slo
Transcribing agency SNK
Description conventions AACR2
041 0# - LANGUAGE CODE
Language code of text/sound track or separate title slo
044 ## - COUNTRY OF PUBLISHING/PRODUCING ENTITY CODE
MARC country code xo
ISO country code SK
080 ## - UNIVERSAL DECIMAL CLASSIFICATION NUMBER
Universal Decimal Classification number 635(035)
100 1# - MAIN ENTRY--PERSONAL NAME
Personal name Greenwood, Pippa
Relationship aut
240 10 - UNIFORM TITLE
Uniform title Pippa Greenwood's gardening, hints & tips
Language of a work Slovensky
245 10 - TITLE STATEMENT
Title Záhrada - nápady a rady
Statement of responsibility, etc. Pippa Greenwoodová ; [z anglického originálu preložila Terézia Šinková]
260 ## - PUBLICATION, DISTRIBUTION, ETC.
Place of publication, distribution, etc. Bratislava
Name of publisher, distributor, etc. Ikar
Date of publication, distribution, etc. 1998
300 ## - PHYSICAL DESCRIPTION
Extent 187 s.
Other physical details fareb. fotogr. a ilustr.
Dimensions 24 cm
500 ## - GENERAL NOTE
General note Fotogr. na tit. strane a front.
500 ## - GENERAL NOTE
General note Údaj o prekl. prevzatý z rubu tit. strany
504 ## - BIBLIOGRAPHY, ETC. NOTE
Bibliography, etc. note Reg.
650 07 - SUBJECT ADDED ENTRY--TOPICAL TERM
Topical term or geographic name entry element záhrady
Source of heading or term SNKPH
650 07 - SUBJECT ADDED ENTRY--TOPICAL TERM
Topical term or geographic name entry element záhradkárstvo
Source of heading or term SNKPH
655 #7 - INDEX TERM--GENRE/FORM
Genre/form data or focus term príručky
Source of term SNKPH
700 1# - ADDED ENTRY--PERSONAL NAME
Personal name Šinková, Terézia
Relationship trl
942 ## - ADDED ENTRY ELEMENTS (KOHA)
Source of classification or shelving scheme Dewey Decimal Classification
Koha item type Odborná literatúra pre dospelých
Suppress in OPAC No
Holdings
Stav vyradenia Strata Poškodenie Spôsob nadobudnutia Domovská knižnica Aktuálna knižnica Dátum nadobudnutia Total checkouts Čiarový kód exemplára Date last seen Typ exemplára
      Dar Obecná knižnica Turčianska Štiavnička Obecná knižnica Turčianska Štiavnička 13.05.2026   4738001255 13.05.2026 Odborná literatúra pre dospelých
Projekt je podporený Slovenskou asociáciou knižníc
Prevádzkuje Turčianska knižnica Martin 2026